Provinces of Nepal on a Map - Statistics

General Stats
  • This quiz has been taken 3,158 times
    2,604 since last reset
  • The average score is 5 of 7
Answers on the Map
Answers color-coded by a green-red scale on the quiz's map according to % correct below.
 
Answer Stats
Population Province % Correct
6,026,600 Bagmati
74%
4,766,900 Koshi
68%
4,831,600 Lumbini
68%
2,472,500 Gandaki
65%
1,701,800 Karnali
65%
5,871,100 Madhesh
63%
2,760,947 Sudurpashchim
54%
No matching quizzes found
Score Distribution
Percent of People with Each Score
Percentile by Number Answered
Your Score History
You have not taken this quiz since the last reset